Swami Vivekananda on universal ethice and moral conduct (Record no. 1377526)

MARC details
000 -LEADER
fixed length control field 00477nam a2200169Ia 4500
005 - DATE AND TIME OF LATEST TRANSACTION
control field 20250508162606.0
008 - FIXED-LENGTH DATA ELEMENTS--GENERAL INFORMATION
fixed length control field 008 250505s9999 xx 000 0 eng d
037 ## - SOURCE OF ACQUISITION
Stock number Textual
040 ## - CATALOGING SOURCE
Original cataloging agency FEDL
Language of cataloging eng
Transcribing agency FEDL
041 ## - LANGUAGE CODE
Language code of text/sound track or separate title eng
Source of code eng
084 ## - COLON CLASSIFICATION NUMBER
Classification number 170, VIV
Assigning agency FEDL
245 #0 - TITLE STATEMENT
Title Swami Vivekananda on universal ethice and moral conduct
260 ## - PUBLICATION, DISTRIBUTION, ETC.
Place of publication, distribution, etc. Hyderabad, India
Name of publisher, distributor, etc. Ramakrishna Math
300 ## - PHYSICAL DESCRIPTION
Extent ii,77p
942 ## - ADDED ENTRY ELEMENTS (KOHA)
Koha item type Textual
Classification part 170, VIV
Holdings
Withdrawn status Lost status Damaged status Not for loan Home library Current library Date acquired Total Checkouts Full call number Barcode Date last seen Price effective from Koha item type
        Department of Education Library Department of Education Library 2025-05-08   170, VIV EL0070011 2025-05-08 2025-05-08 Textual
Copyright @ Delhi University Library System